Instrumentation & Process Control (Record no. 34576)

MARC details
000 -LEADER
fixed length control field 00398nam a22001577a 4500
003 - CONTROL NUMBER IDENTIFIER
control field OSt
005 - DATE AND TIME OF LATEST TRANSACTION
control field 20220408111542.0
008 - FIXED-LENGTH DATA ELEMENTS--GENERAL INFORMATION
fixed length control field 220408b |||||||| |||| 00| 0 eng d
020 ## - INTERNATIONAL STANDARD BOOK NUMBER
International Standard Book Number 9789380026572
040 ## - CATALOGING SOURCE
Transcribing agency H.U
082 ## - DEWEY DECIMAL CLASSIFICATION NUMBER
Classification number 629.8
100 ## - MAIN ENTRY--PERSONAL NAME
Personal name Prasad
9 (RLIN) 24709
245 ## - TITLE STATEMENT
Title Instrumentation & Process Control
260 ## - PUBLICATION, DISTRIBUTION, ETC.
Place of publication, distribution, etc. New Delhi
Name of publisher, distributor, etc. I.K .INTERNATIONAL PUBLISHING
Date of publication, distribution, etc. 2010
942 ## - ADDED ENTRY ELEMENTS (KOHA)
Source of classification or shelving scheme Dewey Decimal Classification
Koha item type Books like text book referance book
Suppress in OPAC No
Holdings
Withdrawn status Lost status Source of classification or shelving scheme Damaged status Not for loan Home library Current library Shelving location Date acquired Total Checkouts Full call number Barcode Date last seen Copy number Price effective from Koha item type
    Dewey Decimal Classification     IoT Library IoT Library General Stacks 04/08/2022   629.8 /PRA/2010 IOTL0020631 04/08/2022 1 04/08/2022 Books like text book referance book
    Dewey Decimal Classification     IoT Library IoT Library General Stacks 04/08/2022   629.8 /PRA/2010 IOTL0020632 04/08/2022 2 04/08/2022 Books like text book referance book
    Dewey Decimal Classification     IoT Library IoT Library General Stacks 04/08/2022   629.8 /PRA/2010 IOTL0020633 04/08/2022 3 04/08/2022 Books like text book referance book
    Dewey Decimal Classification     IoT Library IoT Library General Stacks 04/08/2022   629.8 /PRA/2010 IOTL0020634 04/08/2022 4 04/08/2022 Books like text book referance book
    Dewey Decimal Classification     IoT Library IoT Library General Stacks 04/08/2022   629.8 /PRA/2010 IOTL0020635 04/08/2022 5 04/08/2022 Books like text book referance book
    Dewey Decimal Classification     IoT Library IoT Library General Stacks 04/08/2022   629.8 /PRA/2010 IOTL0019724 04/08/2022 6 04/08/2022 Books like text book referance book
    Dewey Decimal Classification     IoT Library IoT Library General Stacks 04/13/2022   629.8/PRA/2010 IOTL0021014 04/13/2022 7 04/13/2022 Books like text book referance book